01338nam a2200277 a 4500001001000000005001700010041000800027044000800035084002100043100004500064245013500109260008500244300001700329440002400346500014100370500018100511500001100692546002400703650005200727650005600779650003400835650004500869700004900914700004700963740005001010BRCA_340020190320204249.0 aeng aenk a689b.D468c19191 aCervantes Saavedra, Miguel ded1547-161610aThe History of Don Quixote de la ManchacBy Miguel de Cervantes Saavedra ; Translated by Motteux ; Introduction by J. G. Lockhart. aLondres : Toronto : Nueva YorkbJ. M. Dent and Sons : E. P. Dutton and Co.c1919 a2 v.c18 cm. 0aEveryman´s Library aContenido : v.1. Primera parte. Introducción por J. G. Lockhart. Prólogo de Cervantes. -- v.2. Segunda parte. Prólogo de Cervantes aReimpresión de traducción de Motteux con la introducción de J. G. Lockhart, publicada en 1910, por los mismos editores. Tela; lomos decorados con dorados Lúdovik Osterc aQM1150 aTexto en : inglés14aNovela españolayÉpoca clásica, 1500-170014aLiteratura españolayÉpoca clásica, 1500-170014aNovela españolaySiglo XVII14aDon Quijote (Personaje ficticio)eNovela1 aMotteux, Peter Anthonyd1663-1718eTraductor1 aLockhart, John Gibsond1794-1854eAnotador0 aEl Ingenioso Hidalgo Don Quijote de la Mancha